| 000 | 00583nam a2200229Ia 4500 | ||
|---|---|---|---|
| 005 | 20250425162749.0 | ||
| 008 | 250425s9999 xx 000 0 und d | ||
| 020 | _a9789978999561 | ||
| 041 | _aspa | ||
| 082 | _a303 | ||
| 110 | _aINSTITUTO DE LA CIUDAD | ||
| 245 | 0 | _aQUESTIONES URBANO REGIONALES | |
| 250 | _a1A ED. | ||
| 260 |
_aEcuador _bINSTITUTO DE LA CIUDAD _c2013 |
||
| 260 | _aS.L. | ||
| 500 | _aVOL.1; No. 3; 2013 | ||
| 650 | _aINSERCION LABORAL-MIGRACION CUBANA | ||
| 650 | _aPOBREZA-ECUADOR | ||
| 650 | _aPOLITICA SOCIAL | ||
| 942 | _c01 | ||
| 010 | _a106590 | ||
| 999 |
_c235943 _d235943 |
||